UK sweets - Statistics

General Stats
  • This quiz has been taken 160 times
  • The average score is 4 of 10
Answer Stats
Hint Answer % Correct
Yorkie Nestle
81%
Fudge Cadburys
68%
Fruit Pastilles Rowntrees
65%
Twix Mars
64%
Liqurice allsorts Bassetts
51%
Peppermint cream Frys
44%
Sherbert fountain Barratts
14%
Wagon wheels Burtons
11%
Parma violets Swizzels Matlow
6%
Sherbert dipdab Candyland
3%
No matching quizzes found
Score Distribution
Percent of People with Each Score
Percentile by Number Answered
Your Score History
You have not taken this quiz